[Event "XLIV Memoriał Szachowy Ludwika Zamenhofa 2025, Grupa B"]
[Site "Bialystok, Poland"]
[Date "2025.12.27"]
[Round "1.5"]
[White "Leskiewicz, Ignacy"]
[Black "Zalewski, Witold"]
[Result "1-0"]
[TimeControl "90'+30\""]
[WhiteElo "2118"]
[BlackElo "1834"]

1. e4 {[%clk 01:30:19]} {[%emt 00:00:41]} c5 {[%clk 01:30:51]} {[%emt
00:00:10]} 2. Nf3 {[%clk 01:30:41]} {[%emt 00:00:07]} d6 {[%clk 01:31:16]}
{[%emt 00:00:05]} 3. Bb5+ {[%clk 01:30:09]} {[%emt 00:01:01]} Nd7 {[%clk
01:31:16]} {[%emt 00:00:30]} 4. a4 {[%clk 01:29:07]} {[%emt 00:01:33]} a6
{[%clk 01:29:50]} {[%emt 00:01:56]} 5. Bc4 {[%clk 01:29:23]} {[%emt 00:00:15]}
Ngf6 {[%clk 01:28:38]} {[%emt 00:01:41]} 6. Nc3 {[%clk 00:55:17]} {[%emt
00:34:36]} e6 {[%clk 01:27:04]} {[%emt 00:02:04]} 7. O-O {[%clk 00:53:52]}
{[%emt 00:01:54]} Be7 {[%clk 01:24:55]} {[%emt 00:02:40]} 8. Re1 {[%clk
00:53:43]} {[%emt 00:00:39]} Qc7 {[%clk 01:19:16]} {[%emt 00:06:09]} 9. a5
{[%clk 00:41:25]} {[%emt 00:12:48]} O-O {[%clk 01:18:55]} {[%emt 00:00:51]} 10.
d3 {[%clk 00:28:28]} {[%emt 00:13:27]} Ng4 {[%clk 00:51:27]} {[%emt 00:27:58]}
11. Ra3 {[%clk 00:19:48]} {[%emt 00:09:10]} Nge5 {[%clk 00:45:06]} {[%emt
00:06:51]} 12. Nxe5 {[%clk 00:20:16]} {[%emt 00:00:02]} Nxe5 {[%clk 00:45:26]}
{[%emt 00:00:10]} 13. Bd2 {[%clk 00:20:30]} {[%emt 00:00:15]} Bf6 {[%clk
00:45:07]} {[%emt 00:00:50]} 14. Na4 {[%clk 00:18:55]} {[%emt 00:02:05]} Bd7
{[%clk 00:40:42]} {[%emt 00:04:55]} 15. Nb6 {[%clk 00:18:56]} {[%emt 00:00:29]}
Rad8 {[%clk 00:40:35]} {[%emt 00:00:36]} 16. Kh1 {[%clk 00:11:52]} {[%emt
00:07:35]} Bc6 {[%clk 00:35:47]} {[%emt 00:05:18]} 17. f4 {[%clk 00:10:12]}
{[%emt 00:02:10]} Nd7 {[%clk 00:35:19]} {[%emt 00:00:58]} 18. Qg4 {[%clk
00:05:39]} {[%emt 00:05:03]} Kh8 {[%clk 00:31:10]} {[%emt 00:04:39]} 19. Re3
{[%clk 00:02:36]} {[%emt 00:03:33]} Rg8 {[%clk 00:22:21]} {[%emt 00:09:19]} 20.
Rh3 {[%clk 00:02:33]} {[%emt 00:00:33]} Nf8 {[%clk 00:20:12]} {[%emt 00:02:39]}
21. Ba2 {[%clk 00:01:34]} {[%emt 00:01:29]} Bxb2 {[%clk 00:19:14]} {[%emt
00:01:29]} 22. Rb3 {[%clk 00:02:03]} Bf6 {[%clk 00:19:23]} {[%emt 00:00:19]} 23.
Rb1 {[%clk 00:02:31]} {[%emt 00:00:04]} g6 {[%clk 00:16:30]} {[%emt 00:03:22]}
24. Re1 {[%clk 00:01:51]} {[%emt 00:01:10]} Rg7 {[%clk 00:08:48]} {[%emt
00:08:12]} 25. Nc4 {[%clk 00:01:17]} {[%emt 00:01:04]} e5 {[%clk 00:07:10]}
{[%emt 00:02:08]} 26. f5 {[%clk 00:01:09]} {[%emt 00:00:39]} d5 {[%clk
00:07:00]} {[%emt 00:00:40]} 27. exd5 {[%clk 00:01:13]} Bxd5 {[%clk 00:06:27]}
{[%emt 00:01:28]} 28. Bh6 {[%clk 00:00:53]} {[%emt 00:01:02]} Rg8 29. Bg5
{[%emt 00:03:43]} Qc6 {[%clk 00:03:56]} 30. Nxe5 {[%clk 00:00:56]} Bxe5 {[%clk
00:03:32]} {[%emt 00:01:28]} 31. Bxd8 gxf5 32. Bxd5 {[%clk 00:01:13]} {[%emt
00:00:22]} fxg4 {[%clk 00:02:37]} {[%emt 00:01:36]} 33. Bxc6 {[%clk 00:01:30]}
bxc6 {[%clk 00:01:32]} {[%emt 00:01:48]} 34. Rxe5 gxh3 35. Bf6+ {[%clk
00:02:15]} {[%emt 00:00:04]} Rg7 {[%clk 00:02:07]} {[%emt 00:00:04]} 36. Rxc5
{[%clk 00:01:35]} {[%emt 00:01:11]} hxg2+ {[%clk 00:02:10]} {[%emt 00:00:28]}
37. Kg1 {[%clk 00:02:02]} {[%emt 00:00:02]} 1-0

[Event "XLIV Memoriał Szachowy Ludwika Zamenhofa 2025, Grupa B"]
[Site "Bialystok, Poland"]
[Date "2025.12.27"]
[Round "1.6"]
[White "Krynicki, Filip"]
[Black "Padalka, Artem"]
[Result "0-1"]
[TimeControl "90'+30\""]
[WhiteElo "1827"]
[BlackElo "2111"]

1. d4 {[%clk 01:30:56]} {[%emt 00:00:02]} d5 {[%clk 01:30:20]} {[%emt
00:00:41]} 2. c4 {[%clk 01:31:21]} {[%emt 00:00:06]} e6 {[%clk 01:30:32]}
{[%emt 00:00:19]} 3. Nc3 {[%clk 01:31:43]} {[%emt 00:00:07]} Nf6 {[%clk
01:30:34]} {[%emt 00:00:27]} 4. cxd5 {[%clk 01:32:04]} {[%emt 00:00:10]} exd5
{[%clk 01:31:01]} {[%emt 00:00:03]} 5. Bg5 {[%clk 01:32:22]} {[%emt 00:00:11]}
Nbd7 {[%clk 01:31:21]} {[%emt 00:00:11]} 6. e3 {[%clk 01:32:01]} {[%emt
00:00:50]} c6 {[%clk 01:31:44]} {[%emt 00:00:07]} 7. Bd3 {[%clk 01:32:04]}
{[%emt 00:00:27]} Be7 {[%clk 01:31:58]} {[%emt 00:00:17]} 8. Nf3 {[%clk
01:32:14]} {[%emt 00:00:19]} O-O {[%clk 01:32:16]} {[%emt 00:00:12]} 9. O-O
{[%clk 01:32:30]} {[%emt 00:00:14]} Re8 {[%clk 01:32:00]} {[%emt 00:00:46]} 10.
Qc2 {[%clk 01:31:58]} {[%emt 00:01:03]} Nf8 {[%clk 01:31:48]} {[%emt 00:00:42]}
11. Ne5 {[%clk 01:27:18]} {[%emt 00:05:09]} Ng4 {[%clk 01:06:28]} {[%emt
00:25:51]} 12. Bf4 {[%clk 01:24:50]} {[%emt 00:02:58]} Bd6 {[%clk 01:03:31]}
{[%emt 00:03:28]} 13. Nxg4 {[%clk 01:25:00]} {[%emt 00:00:19]} Bxf4 {[%clk
01:03:17]} {[%emt 00:00:44]} 14. exf4 {[%clk 01:25:22]} {[%emt 00:00:08]} Bxg4
{[%clk 01:03:37]} {[%emt 00:00:10]} 15. f5 {[%clk 01:25:24]} {[%emt 00:00:28]}
Bh5 {[%clk 00:52:50]} {[%emt 00:11:16]} 16. h3 {[%clk 01:22:31]} {[%emt
00:03:23]} f6 {[%clk 00:46:37]} {[%emt 00:06:44]} 17. g4 {[%clk 01:08:15]}
{[%emt 00:14:45]} Bf7 {[%clk 00:46:34]} {[%emt 00:00:34]} 18. Rfe1 {[%clk
01:08:16]} {[%emt 00:00:29]} Qb6 {[%clk 00:43:50]} {[%emt 00:03:14]} 19. Ne2
{[%clk 01:07:57]} {[%emt 00:00:49]} Re7 {[%clk 00:33:13]} {[%emt 00:11:07]} 20.
Qb3 {[%clk 00:59:08]} {[%emt 00:09:19]} Qc7 {[%clk 00:24:28]} {[%emt 00:09:15]}
21. Nc3 {[%clk 00:59:18]} {[%emt 00:00:20]} Rae8 {[%clk 00:23:28]} {[%emt
00:01:29]} 22. Rxe7 {[%clk 00:58:09]} {[%emt 00:01:40]} Rxe7 {[%clk 00:23:18]}
{[%emt 00:00:40]} 23. Qa3 {[%clk 00:55:51]} {[%emt 00:02:48]} a6 {[%clk
00:17:49]} {[%emt 00:05:59]} 24. Bf1 {[%clk 00:50:50]} {[%emt 00:05:30]} Re8
{[%clk 00:15:15]} {[%emt 00:03:04]} 25. Qb4 {[%clk 00:49:43]} {[%emt 00:01:37]}
h5 {[%clk 00:14:21]} {[%emt 00:01:24]} 26. Ne2 {[%clk 00:45:32]} {[%emt
00:04:42]} hxg4 {[%clk 00:13:50]} {[%emt 00:01:02]} 27. hxg4 {[%clk 00:45:59]}
{[%emt 00:00:02]} Nh7 {[%clk 00:08:16]} {[%emt 00:06:04]} 28. Kg2 {[%clk
00:43:26]} {[%emt 00:03:03]} Ng5 {[%clk 00:04:30]} {[%emt 00:04:16]} 29. Rc1
{[%clk 00:36:09]} {[%emt 00:07:47]} g6 {[%clk 00:03:28]} {[%emt 00:01:32]} 30.
Qd2 {[%clk 00:34:53]} {[%emt 00:01:45]} gxf5 {[%clk 00:02:45]} {[%emt
00:01:14]} 31. gxf5 {[%clk 00:34:54]} {[%emt 00:00:28]} Bh5 {[%clk 00:01:51]}
{[%emt 00:01:25]} 32. Rc3 {[%clk 00:31:36]} {[%emt 00:03:48]} Ne4 {[%clk
00:01:11]} {[%emt 00:01:10]} 33. Qh6 {[%clk 00:29:49]} {[%emt 00:02:17]} Bxe2
{[%clk 00:00:54]} {[%emt 00:00:46]} 34. Qg6+ {[%clk 00:29:33]} {[%emt
00:00:46]} Qg7 {[%clk 00:01:19]} {[%emt 00:00:06]} 0-1

[Event "XLIV Memoriał Szachowy Ludwika Zamenhofa 2025, Grupa B"]
[Site "Bialystok, Poland"]
[Date "2025.12.27"]
[Round "1.7"]
[White "Ciszewski, Krzysztof"]
[Black "Czarnowicz, Michal"]
[Result "1-0"]
[TimeControl "90'+30\""]
[WhiteElo "2091"]
[BlackElo "1827"]

1. d4 {[%clk 01:30:56]} {[%emt 00:00:02]} Nf6 {[%clk 01:30:53]} {[%emt
00:00:07]} 2. c4 {[%clk 01:31:20]} {[%emt 00:00:06]} e6 {[%clk 01:31:20]}
{[%emt 00:00:04]} 3. Nc3 {[%clk 01:31:44]} {[%emt 00:00:06]} d5 {[%clk
01:31:46]} {[%emt 00:00:04]} 4. cxd5 {[%clk 01:31:45]} {[%emt 00:00:28]} Nxd5
{[%clk 01:32:10]} {[%emt 00:00:07]} 5. e4 {[%clk 01:31:28]} {[%emt 00:00:47]}
Nxc3 {[%clk 01:32:28]} {[%emt 00:00:12]} 6. bxc3 {[%clk 01:31:50]} {[%emt
00:00:06]} c5 {[%clk 01:32:53]} {[%emt 00:00:07]} 7. a3 {[%clk 01:32:04]}
{[%emt 00:00:16]} Be7 {[%clk 01:31:44]} {[%emt 00:01:39]} 8. Nf3 {[%clk
01:32:01]} {[%emt 00:00:32]} O-O {[%clk 01:29:20]} {[%emt 00:02:54]} 9. Bd3
{[%clk 01:26:52]} {[%emt 00:05:37]} cxd4 {[%clk 01:24:22]} {[%emt 00:05:29]} 10.
cxd4 {[%clk 01:27:17]} {[%emt 00:00:06]} b6 {[%clk 01:23:57]} {[%emt 00:00:55]}
11. O-O {[%clk 01:26:34]} {[%emt 00:01:13]} Ba6 {[%clk 01:14:35]} {[%emt
00:09:53]} 12. Bxa6 {[%clk 01:21:44]} {[%emt 00:05:19]} Nxa6 {[%clk 01:14:59]}
{[%emt 00:00:07]} 13. Bf4 {[%clk 01:22:05]} {[%emt 00:00:08]} Bd6 {[%clk
01:09:28]} {[%emt 00:06:01]} 14. Bxd6 {[%clk 01:18:35]} {[%emt 00:04:00]} Qxd6
{[%clk 01:09:33]} {[%emt 00:00:26]} 15. Qa4 {[%clk 01:18:48]} {[%emt 00:00:16]}
Nc7 {[%clk 01:06:13]} {[%emt 00:03:50]} 16. Rac1 {[%clk 01:18:54]} {[%emt
00:00:24]} b5 {[%clk 00:59:36]} {[%emt 00:07:08]} 17. Qa5 {[%clk 01:17:13]}
{[%emt 00:02:11]} Rfc8 {[%clk 00:59:46]} {[%emt 00:00:19]} 18. Rc5 {[%clk
01:13:20]} {[%emt 00:04:23]} a6 {[%clk 00:54:22]} {[%emt 00:05:55]} 19. Rfc1
{[%clk 01:13:17]} {[%emt 00:00:32]} Ra7 {[%clk 00:50:01]} {[%emt 00:04:51]} 20.
Rc6 {[%clk 01:12:04]} {[%emt 00:01:43]} Qd7 {[%clk 00:49:26]} {[%emt 00:01:06]}
21. Qb6 {[%clk 01:12:22]} {[%emt 00:00:12]} 1-0

[Event "XLIV Memoriał Szachowy Ludwika Zamenhofa 2025, Grupa B"]
[Site "Bialystok, Poland"]
[Date "2025.12.27"]
[Round "1.8"]
[White "Kalus, Franciszek"]
[Black "Kasperek, Ryszard"]
[Result "1/2-1/2"]
[TimeControl "90'+30\""]
[WhiteElo "1822"]
[BlackElo "2088"]

1. d4 {[%clk 01:30:57]} {[%emt 00:00:02]} d5 {[%clk 01:29:03]} {[%emt
00:01:58]} 2. c4 {[%clk 01:31:22]} {[%emt 00:00:05]} c6 {[%clk 01:28:46]}
{[%emt 00:00:47]} 3. Nf3 {[%clk 01:31:47]} {[%emt 00:00:05]} e6 {[%clk
01:28:13]} {[%emt 00:01:04]} 4. Nc3 {[%clk 01:32:12]} {[%emt 00:00:05]} dxc4
{[%clk 01:28:00]} {[%emt 00:00:42]} 5. e3 {[%clk 01:32:34]} {[%emt 00:00:08]}
b5 {[%clk 01:27:23]} {[%emt 00:01:08]} 6. a4 {[%clk 01:32:55]} {[%emt
00:00:09]} Bb4 {[%clk 01:26:58]} {[%emt 00:00:54]} 7. Bd2 {[%clk 01:33:20]}
{[%emt 00:00:05]} Bb7 {[%clk 01:23:20]} {[%emt 00:04:08]} 8. axb5 {[%clk
01:32:14]} {[%emt 00:01:36]} Bxc3 {[%clk 01:21:32]} {[%emt 00:02:18]} 9. Bxc3
{[%clk 01:32:38]} {[%emt 00:00:05]} cxb5 {[%clk 01:21:57]} {[%emt 00:00:06]} 10.
b3 {[%clk 01:32:06]} {[%emt 00:01:02]} a5 {[%clk 01:22:00]} {[%emt 00:00:27]}
11. bxc4 {[%clk 01:32:23]} {[%emt 00:00:13]} b4 {[%clk 01:22:20]} {[%emt
00:00:09]} 12. Bb2 {[%clk 01:32:50]} {[%emt 00:00:03]} Nf6 {[%clk 01:22:42]}
{[%emt 00:00:09]} 13. Bd3 {[%clk 01:33:10]} {[%emt 00:00:10]} O-O {[%clk
01:22:51]} {[%emt 00:00:21]} 14. O-O {[%clk 01:33:15]} {[%emt 00:00:25]} Nbd7
{[%clk 01:23:03]} {[%emt 00:00:18]} 15. Nd2 {[%clk 01:28:08]} {[%emt 00:05:37]}
Qc7 {[%clk 01:18:53]} {[%emt 00:04:40]} 16. Bc2 {[%clk 01:18:07]} {[%emt
00:10:30]} e5 {[%clk 00:59:18]} {[%emt 00:20:07]} 17. d5 {[%clk 01:08:46]}
{[%emt 00:09:50]} Rfe8 {[%clk 00:46:03]} {[%emt 00:13:44]} 18. Kh1 {[%clk
00:46:34]} {[%emt 00:22:41]} Nb6 {[%clk 00:34:01]} {[%emt 00:12:34]} 19. f4
{[%clk 00:40:51]} {[%emt 00:06:14]} Nxc4 {[%clk 00:28:35]} {[%emt 00:05:56]} 20.
Nxc4 {[%clk 00:40:08]} {[%emt 00:01:13]} Qxc4 {[%clk 00:29:03]} {[%emt
00:00:02]} 21. fxe5 {[%clk 00:39:40]} {[%emt 00:00:57]} Qxd5 {[%clk 00:26:44]}
{[%emt 00:02:49]} 22. Qxd5 {[%clk 00:37:10]} {[%emt 00:03:00]} Nxd5 {[%clk
00:26:36]} {[%emt 00:00:39]} 23. Bb3 {[%clk 00:37:07]} {[%emt 00:00:33]} Re7
{[%clk 00:16:11]} {[%emt 00:10:55]} 24. Bd4 {[%clk 00:35:25]} {[%emt 00:02:10]}
Rd7 {[%clk 00:10:11]} {[%emt 00:06:31]} 25. Rf2 {[%clk 00:28:50]} {[%emt
00:07:04]} h5 {[%clk 00:07:33]} {[%emt 00:03:09]} 26. Rfa2 {[%clk 00:27:31]}
{[%emt 00:01:49]} Nf4 {[%clk 00:04:33]} {[%emt 00:03:30]} 27. Ba4 {[%clk
00:14:57]} {[%emt 00:13:04]} Rdd8 {[%clk 00:04:34]} {[%emt 00:00:29]} 28. Bb6
{[%clk 00:07:31]} {[%emt 00:07:57]} Nxg2 {[%clk 00:04:36]} {[%emt 00:00:27]} 29.
Bxd8 {[%clk 00:07:38]} {[%emt 00:00:23]} Nxe3+ {[%clk 00:02:49]} {[%emt
00:02:17]} 30. Kg1 {[%clk 00:08:06]} {[%emt 00:00:03]} Rxd8 {[%clk 00:03:16]}
{[%emt 00:00:03]} 31. Re1 {[%clk 00:07:28]} {[%emt 00:01:08]} Nf5 {[%clk
00:03:14]} {[%emt 00:00:31]} 32. Bd1 {[%clk 00:06:56]} {[%emt 00:01:02]} g6
{[%clk 00:02:10]} {[%emt 00:01:34]} 33. Rxa5 {[%clk 00:06:58]} {[%emt
00:00:28]} Rd2 {[%clk 00:02:39]} {[%emt 00:00:02]} 34. Be2 {[%clk 00:05:27]}
{[%emt 00:02:01]} Nd4 {[%clk 00:03:02]} {[%emt 00:00:06]} 35. Kf2 {[%clk
00:04:46]} {[%emt 00:01:11]} Rc2 {[%clk 00:02:49]} {[%emt 00:00:43]} 36. Ke3
{[%clk 00:03:47]} {[%emt 00:01:29]} Nc6 {[%clk 00:01:58]} {[%emt 00:01:22]} 37.
Rb5 {[%clk 00:02:22]} {[%emt 00:01:54]} Bc8 {[%clk 00:01:21]} {[%emt 00:01:07]}
38. Ra1 {[%clk 00:01:09]} {[%emt 00:01:43]} Be6 {[%clk 00:01:26]} {[%emt
00:00:25]} 39. Ra8+ {[%clk 00:01:04]} {[%emt 00:00:36]} Kg7 {[%clk 00:01:55]}
40. Rb6 {[%clk 00:01:14]} {[%emt 00:00:20]} b3 {[%clk 00:02:01]} {[%emt
00:00:23]} 41. Bd1 {[%clk 00:01:03]} {[%emt 00:00:41]} Rc5 {[%clk 00:01:31]}
{[%emt 00:01:01]} 42. Bxb3 {[%clk 00:01:03]} {[%emt 00:00:30]} Rxe5+ {[%clk
00:01:55]} {[%emt 00:00:06]} 43. Kf2 {[%clk 00:01:09]} {[%emt 00:00:23]} Rf5+
{[%clk 00:01:31]} {[%emt 00:00:54]} 44. Ke3 {[%clk 00:01:30]} {[%emt 00:00:09]}
Re5+ {[%clk 00:01:58]} {[%emt 00:00:04]} 45. Kf2 {[%clk 00:01:58]} {[%emt
00:00:02]} Nd4 {[%clk 00:01:57]} {[%emt 00:00:30]} 46. Bxe6 {[%clk 00:02:20]}
{[%emt 00:00:08]} Nxe6 {[%clk 00:02:24]} {[%emt 00:00:03]} 47. Ra7 {[%clk
00:02:20]} {[%emt 00:00:31]} Rf5+ {[%clk 00:01:59]} {[%emt 00:00:55]} 48. Kg3
{[%clk 00:02:16]} {[%emt 00:00:33]} Nf4 {[%clk 00:02:14]} {[%emt 00:00:15]} 49.
Rb2 {[%clk 00:01:49]} {[%emt 00:00:57]} g5 {[%clk 00:01:39]} {[%emt 00:01:05]}
50. h4 {[%clk 00:01:24]} {[%emt 00:00:56]} gxh4+ {[%clk 00:01:23]} {[%emt
00:00:45]} 51. Kxh4 {[%clk 00:01:48]} {[%emt 00:00:06]} Ng6+ {[%clk 00:01:47]}
{[%emt 00:00:06]} 52. Kg3 {[%clk 00:01:58]} {[%emt 00:00:20]} h4+ {[%clk
00:01:48]} {[%emt 00:00:28]} 53. Kg4 {[%clk 00:01:28]} {[%emt 00:01:01]} Rf4+
{[%clk 00:01:39]} {[%emt 00:00:39]} 54. Kg5 {[%clk 00:01:56]} Rf1 {[%clk
00:01:17]} {[%emt 00:00:52]} 55. Rh2 {[%clk 00:01:02]} {[%emt 00:01:25]} h3
{[%clk 00:00:41]} {[%emt 00:01:07]} 56. Rxh3 {[%clk 00:00:44]} {[%emt
00:00:47]} Rg1+ {[%emt 00:01:10]} 1/2-1/2

[Event "XLIV Memoriał Szachowy Ludwika Zamenhofa 2025, Grupa B"]
[Site "Bialystok, Poland"]
[Date "2025.12.27"]
[Round "1.9"]
[White "Jarzebowski, Kacper"]
[Black "Berent, Mateusz"]
[Result "1-0"]
[TimeControl "90'+30\""]
[WhiteElo "2078"]
[BlackElo "1809"]

1. c4 {[%clk 01:30:57]} {[%emt 00:00:03]} e5 {[%clk 01:30:47]} {[%emt
00:00:12]} 2. g3 {[%clk 01:31:23]} {[%emt 00:00:05]} Nf6 {[%clk 01:31:00]}
{[%emt 00:00:16]} 3. Bg2 {[%clk 01:31:49]} {[%emt 00:00:04]} d5 {[%clk
01:31:20]} {[%emt 00:00:10]} 4. cxd5 {[%emt 00:00:17]} Nxd5 {[%clk 01:31:29]}
{[%emt 00:00:07]} 5. Nc3 {[%clk 01:32:41]} {[%emt 00:00:05]} Nb6 {[%clk
01:31:37]} {[%emt 00:00:19]} 6. Nf3 {[%clk 01:33:04]} {[%emt 00:00:11]} Nc6
{[%clk 01:31:48]} {[%emt 00:00:17]} 7. O-O {[%clk 01:33:28]} {[%emt 00:00:08]}
Be7 {[%clk 01:31:24]} {[%emt 00:00:53]} 8. a3 {[%clk 01:33:37]} {[%emt
00:00:23]} O-O {[%clk 01:31:31]} {[%emt 00:00:21]} 9. d3 {[%clk 01:33:32]}
{[%emt 00:00:36]} Re8 {[%clk 01:30:31]} {[%emt 00:01:29]} 10. Be3 {[%clk
01:32:10]} {[%emt 00:01:52]} Bf8 {[%clk 01:30:08]} {[%emt 00:00:53]} 11. Rc1
{[%clk 01:25:37]} {[%emt 00:07:03]} Nd4 {[%clk 01:28:54]} {[%emt 00:01:43]} 12.
Ne4 {[%clk 01:19:41]} {[%emt 00:06:27]} c6 {[%clk 01:19:30]} {[%emt 00:09:54]}
13. Nc5 {[%clk 01:09:27]} {[%emt 00:10:44]} Nxf3+ {[%clk 01:03:45]} {[%emt
00:16:15]} 14. Bxf3 {[%clk 01:09:26]} {[%emt 00:00:32]} Nd5 {[%clk 01:03:45]}
{[%emt 00:00:29]} 15. Bd2 {[%clk 01:08:42]} {[%emt 00:01:14]} Bxc5 {[%clk
00:59:47]} {[%emt 00:04:29]} 16. Rxc5 {[%clk 01:08:59]} {[%emt 00:00:13]} Be6
{[%clk 00:59:53]} {[%emt 00:00:23]} 17. b4 {[%clk 00:59:27]} {[%emt 00:10:02]}
Qd7 {[%clk 00:55:38]} {[%emt 00:04:46]} 18. e4 {[%clk 00:40:22]} {[%emt
00:19:34]} Nb6 {[%clk 00:48:32]} {[%emt 00:07:36]} 19. Be3 {[%clk 00:40:21]}
{[%emt 00:00:31]} Rad8 {[%clk 00:46:33]} {[%emt 00:02:29]} 20. Be2 {[%clk
00:38:43]} {[%emt 00:02:08]} f6 {[%clk 00:44:51]} {[%emt 00:02:10]} 21. Qc2
{[%clk 00:23:32]} {[%emt 00:15:42]} Rc8 {[%clk 00:39:29]} {[%emt 00:05:53]} 22.
h4 {[%clk 00:19:48]} {[%emt 00:04:15]} Qf7 {[%clk 00:33:13]} {[%emt 00:06:45]}
23. Ra5 {[%clk 00:18:51]} {[%emt 00:01:28]} Ra8 {[%clk 00:30:33]} {[%emt
00:03:09]} 24. Qb2 {[%clk 00:11:30]} {[%emt 00:07:51]} Nc8 {[%clk 00:27:20]}
{[%emt 00:03:43]} 25. Rc5 {[%clk 00:11:38]} {[%emt 00:00:22]} Nb6 {[%clk
00:24:05]} {[%emt 00:03:44]} 26. Qa1 {[%clk 00:11:22]} {[%emt 00:00:48]} Na4
{[%clk 00:21:31]} {[%emt 00:03:04]} 27. Ra5 {[%clk 00:04:26]} {[%emt 00:07:26]}
Bb3 {[%clk 00:16:20]} {[%emt 00:05:40]} 28. Bxa7 {[%clk 00:01:19]} {[%emt
00:03:38]} b6 {[%clk 00:15:53]} {[%emt 00:00:57]} 29. Rxa4 {[%clk 00:01:44]}
{[%emt 00:00:05]} Qb7 {[%clk 00:12:04]} {[%emt 00:04:20]} 30. Bxb6 {[%clk
00:01:52]} {[%emt 00:00:21]} Bxa4 {[%clk 00:11:31]} {[%emt 00:01:03]} 31. Ba5
{[%clk 00:02:07]} {[%emt 00:00:15]} c5 {[%clk 00:10:02]} {[%emt 00:01:59]} 32.
Qc3 {[%clk 00:00:46]} {[%emt 00:01:51]} cxb4 {[%clk 00:09:50]} {[%emt
00:00:41]} 33. axb4 {[%clk 00:01:11]} {[%emt 00:00:05]} Rec8 {[%clk 00:09:23]}
{[%emt 00:00:57]} 34. Qa3 {[%clk 00:01:33]} {[%emt 00:00:08]} Bb5 {[%clk
00:09:17]} {[%emt 00:00:36]} 35. Bg4 {[%clk 00:01:41]} {[%emt 00:00:22]} Bd7
{[%clk 00:08:57]} {[%emt 00:00:50]} 36. Qa2+ {[%clk 00:01:57]} {[%emt
00:00:15]} Kf8 {[%clk 00:08:31]} {[%emt 00:00:56]} 37. Bh5 {[%clk 00:02:02]}
{[%emt 00:00:25]} Be8 {[%clk 00:08:48]} {[%emt 00:00:13]} 38. Bg4 {[%clk
00:02:06]} {[%emt 00:00:26]} Bd7 {[%clk 00:09:12]} {[%emt 00:00:05]} 39. Bd1
{[%clk 00:01:50]} {[%emt 00:00:46]} Bb5 {[%clk 00:07:32]} {[%emt 00:02:10]} 40.
Bb3 {[%clk 00:01:49]} {[%emt 00:00:31]} Rc3 {[%clk 00:06:24]} {[%emt 00:01:38]}
41. Bd5 {[%clk 00:01:51]} {[%emt 00:00:29]} Bc6 {[%clk 00:06:44]} {[%emt
00:00:10]} 42. Bc4 {[%clk 00:01:52]} {[%emt 00:00:29]} Bb5 {[%clk 00:04:29]}
{[%emt 00:02:45]} 43. Qd2 {[%clk 00:01:15]} {[%emt 00:01:06]} Ra3 {[%clk
00:03:15]} {[%emt 00:01:45]} 44. Bd5 {[%clk 00:01:09]} {[%emt 00:00:36]} Bc6
{[%clk 00:02:31]} {[%emt 00:01:14]} 45. Qc1 {[%clk 00:01:32]} {[%emt 00:00:07]}
Bxd5 {[%clk 00:02:25]} {[%emt 00:00:36]} 46. Qxa3 {[%clk 00:01:55]} {[%emt
00:00:07]} Be6 {[%clk 00:02:43]} {[%emt 00:00:11]} 47. Rc1 {[%clk 00:02:09]}
{[%emt 00:00:16]} Rc8 {[%clk 00:02:58]} {[%emt 00:00:16]} 48. b5+ {[%clk
00:01:31]} {[%emt 00:01:08]} Kf7 {[%clk 00:02:58]} {[%emt 00:00:29]} 49. b6
{[%clk 00:00:54]} {[%emt 00:01:08]} Rxc1+ {[%clk 00:03:01]} {[%emt 00:00:27]}
50. Qxc1 {[%clk 00:01:22]} {[%emt 00:00:01]} Qc8 {[%clk 00:03:25]} {[%emt
00:00:06]} 51. Qb2 {[%clk 00:00:43]} {[%emt 00:01:10]} Qb7 {[%clk 00:03:45]}
{[%emt 00:00:10]} 52. Bd2 {[%clk 00:00:51]} {[%emt 00:00:21]} Bc8 {[%clk
00:03:47]} {[%emt 00:00:28]} 53. Qb3+ {[%clk 00:00:52]} {[%emt 00:00:29]} Be6
{[%clk 00:03:45]} {[%emt 00:00:32]} 54. Qb4 {[%clk 00:01:04]} {[%emt 00:00:19]}
Bc8 {[%clk 00:04:05]} {[%emt 00:00:09]} 55. Qc4+ {[%clk 00:00:58]} {[%emt
00:00:35]} Be6 {[%clk 00:04:32]} {[%emt 00:00:04]} 56. Qc5 {[%clk 00:01:14]}
{[%emt 00:00:13]} Qc8 {[%clk 00:03:50]} {[%emt 00:01:14]} 57. Qb4 {[%clk
00:00:51]} {[%emt 00:00:53]} Qb7 {[%clk 00:03:57]} {[%emt 00:00:23]} 58. Be3
{[%clk 00:01:09]} {[%emt 00:00:12]} Bc8 {[%clk 00:03:34]} {[%emt 00:00:53]} 59.
Qd6 {[%clk 00:01:15]} {[%emt 00:00:23]} h6 {[%clk 00:02:34]} {[%emt 00:01:31]}
60. Bc5 {[%clk 00:01:32]} {[%emt 00:00:12]} Bg4 {[%clk 00:02:27]} {[%emt
00:00:38]} 61. Kg2 {[%clk 00:01:26]} {[%emt 00:00:36]} Kg6 {[%clk 00:01:48]}
{[%emt 00:01:09]} 62. f3 {[%clk 00:01:40]} {[%emt 00:00:16]} Bc8 {[%clk
00:01:39]} {[%emt 00:00:38]} 63. Qf8 {[%clk 00:01:20]} {[%emt 00:00:50]} Be6
{[%clk 00:01:22]} {[%emt 00:00:48]} 64. Qe8+ {[%clk 00:01:17]} {[%emt
00:00:33]} Kh7 {[%clk 00:01:27]} {[%emt 00:00:25]} 65. Qxe6 {[%clk 00:01:40]}
{[%emt 00:00:06]} 1-0